[Event "World Senior chT-50 2019"]
[Site "Rhodes"]
[Date "2019.04.22"]
[Round "7.40"]
[White "Harstad, Christian"]
[Black "Wolf, Sylvia"]
[Result "0-1"]
[WhiteElo "1911"]
[BlackElo "2001"]
[Annotator "NA"]
[PlyCount "90"]
[EventDate "2019.04.16"]
[EventType "team-tourn"]
[EventCountry "GRE"]
[SourceTitle "playchess.com"]
[Source "ChessBase"]
[SourceQuality "1"]
[WhiteTeam "Norway"]
[BlackTeam "Germany"]
[WhiteTeamCountry "NOR"]
[BlackTeamCountry "GER"]
[TimeControl "40/5400+30:1800+30"]

1. d4 {[%emt 0:00:00]} Nf6 {[%emt 0:00:00]} 2. c4 {[%emt 0:00:00]} c5 {[%emt 0:00:00]} 3. d5 {[%emt 0:00:10]} e6 {[%emt 0:00:00]} 4. Nc3 {[%emt 0:00:59]} exd5 {[%emt 0:00:00]} 5. cxd5 {[%emt 0:00:16]} d6 {[%emt 0:00:00]} 6. Nf3 {[%emt 0:00:53]} g6 {[%emt 0:00:02]} 7. Bf4 {[%emt 0:00:21]} Bg7 {[%emt 0:01:42]} 8. Qa4+ {[%emt 0:02:21]} Bd7 {[%emt 0:03:53]} 9. Qb3 {[%emt 0:01:38]} Bc8 {[%emt 0:05:37]} 10. h3 {[%emt 0:06:36]} O-O {[%emt 0:01:54]} 11. e3 {[%emt 0:02:44]} a6 {[%emt 0:03:49]} 12. a4 {[%emt 0:04:19]} Qe7 {[%emt 0:05:40]} 13. Nd2 {[%emt 0:05:34]} Nh5 {[%emt 0:09:08]} 14. Bh2 {[%emt 0:02:52]} f5 {[%emt 0:00:15]} 15. Nc4 {[%emt 0:13:15]} f4 {[%emt 0:03:04]} 16. Be2 {[%emt 0:13:29]} fxe3 {[%emt 0:17:08]} 17. Bxh5 {[%emt 0:04:30]} Qh4 {[%emt 0:12:14]} 18. O-O {[%emt 0:10:48]} exf2+ {[%emt 0:00:47]} 19. Kh1 {[%emt 0:00:14]} Qxh5 {[%emt 0:05:17]} 20. Qd1 {[%emt 0:14:41]} Qh4 {[%emt 0:04:36]} 21. Qe2 {[%emt 0:03:14]} Bd4 {[%emt 0:05:08]} 22. Nb6 {[%emt 0:04:46]} Bf5 {[%emt 0:03:07]} 23. g4 {[%emt 0:02:23]} Qxh3 {[%emt 0:03:16]} 24. gxf5 {[%emt 0:00:50]} Rxf5 {[%emt 0:00:01]} 25. Nc8 {[%emt 0:03:00]} Re5 {[%emt 0:00:30]} 26. Ne4 {[%emt 0:01:41]} Nd7 {[%emt 0:04:11]} 27. Ra3 {[%emt 0:00:25]} Qxf1+ {[%emt 0:01:16]} 28. Qxf1 {[%emt 0:00:48]} Rxe4 {[%emt 0:00:02]} 29. Nxd6 {[%emt 0:00:35]} Re1 {[%emt 0:00:46]} 30. Kg2 {[%emt 0:00:27]} Rxf1 {[%emt 0:01:24]} 31. Kxf1 {[%emt 0:00:06]} b6 {[%emt 0:02:33]} 32. Nc4 {[%emt 0:00:17]} Re8 {[%emt 0:00:39]} 33. Ra1 {[%emt 0:00:31]} b5 {[%emt 0:00:40]} 34. Nd6 {[%emt 0:01:10]} Re3 {[%emt 0:02:29]} 35. axb5 {[%emt 0:00:33]} Re1+ {[%emt 0:01:17]} 36. Rxe1 {[%emt 0:00:14]} fxe1=Q+ {[%emt 0:00:04]} 37. Kxe1 {[%emt 0:00:11]} axb5 {[%emt 0:00:50]} 38. b3 {[%emt 0:00:56]} b4 {[%emt 0:00:38]} 39. Ke2 {[%emt 0:00:27]} Be5 {[%emt 0:00:35]} 40. Bxe5 {[%emt 0:00:18]} Nxe5 {[%emt 0:00:02]} 41. Nb7 {[%emt 0:00:27]} Nd7 {[%emt 0:00:32]} 42. Ke3 {[%emt 0:02:38]} Kf7 {[%emt 0:00:29]} 43. Ke4 {[%emt 0:00:37]} Kf6 {[%emt 0:00:24]} 44. Nd8 {[%emt 0:01:31]} h5 {[%emt 0:00:24]} 45. d6 {[%emt 0:01:01]} h4 {[%emt 0:00:48] Kd4 [%emt 00:01:19] Ke5+} 0-1

[Event "World Senior chT-50 2019"]
[Site "Rhodes"]
[Date "2019.04.23"]
[Round "8.1"]
[White "Shabalov, Alexander"]
[Black "Wallner, Joachim"]
[Result "1-0"]
[WhiteElo "2510"]
[BlackElo "2271"]
[Annotator "ChessBase"]
[PlyCount "49"]
[EventDate "2019.04.16"]
[EventType "team-tourn"]
[EventCountry "GRE"]
[SourceTitle "playchess.com"]
[Source "ChessBase"]
[SourceQuality "1"]
[WhiteTeam "United States"]
[BlackTeam "Austria"]
[WhiteTeamCountry "USA"]
[BlackTeamCountry "AUT"]
[TimeControl "40/5400+30:1800+30"]

1. d4 {[%emt 0:00:44]} d5 {[%emt 0:00:00]} 2. c4 {[%emt 0:00:22]} c6 {[%emt 0:00:00]} 3. Nc3 {[%emt 0:00:24]} Nf6 {[%emt 0:00:00]} 4. Nf3 {[%emt 0:00:07]} a6 {[%emt 0:00:00]} 5. Qc2 {[%emt 0:00:05]} b5 {[%emt 0:02:44]} 6. e4 {[%emt 0:00:05]} b4 {[%emt 0:02:09]} 7. Na4 {[%emt 0:00:26]} Nxe4 {[%emt 0:01:44]} 8. cxd5 {[%emt 0:00:11]} cxd5 {[%emt 0:03:10]} 9. Nb6 {[%emt 0:00:06]} Qxb6 {[%emt 0:01:04]} 10. Qxc8+ {[%emt 0:00:05]} Qd8 {[%emt 0:00:03]} 11. Qb7 {[%emt 0:00:06]} Nd7 {[%emt 0:01:34]} 12. Qxd5 {[%emt 0:00:05]} Nd6 {[%emt 0:04:46]} 13. Ne5 {[%emt 0:12:31]} e6 {[%emt 0:01:28]} 14. Qc6 {[%emt 0:02:08]} Qc8 {[%emt 0:00:47]} 15. Qa4 {[%emt 0:00:12]} f6 {[%emt 0:02:37]} 16. Nf3 {[%emt 0:07:07]} Qb7 {[%emt 0:04:29]} 17. Bd3 {[%emt 0:00:37]} Kf7 {[%emt 0:01:17]} 18. O-O {[%emt 0:00:27]} Nb5 {[%emt 0:02:36]} 19. Re1 {[%emt 0:05:22]} Nb6 {[%emt 0:04:52]} 20. Qb3 {[%emt 0:03:10]} Nd5 {[%emt 0:04:00]} 21. Bd2 {[%emt 0:00:34]} Bd6 {[%emt 0:00:41]} 22. Re4 {[%emt 0:03:08]} Rae8 {[%emt 0:09:40]} 23. Rae1 {[%emt 0:00:55]} a5 {[%emt 0:01:58]} 24. Qa4 {[%emt 0:10:17]} Nbc7 {[%emt 0:01:15]} 25. Qd7+ {[%emt 0:03:29]} 1-0

[Event "World Senior chT-50 2019"]
[Site "Rhodes"]
[Date "2019.04.23"]
[Round "8.2"]
[White "Denk, Adolf"]
[Black "Benjamin, Joel"]
[Result "0-1"]
[WhiteElo "2255"]
[BlackElo "2523"]
[Annotator "TA"]
[PlyCount "68"]
[EventDate "2019.04.16"]
[EventType "team-tourn"]
[EventCountry "GRE"]
[SourceTitle "playchess.com"]
[Source "ChessBase"]
[SourceQuality "1"]
[WhiteTeam "Austria"]
[BlackTeam "United States"]
[WhiteTeamCountry "AUT"]
[BlackTeamCountry "USA"]

{[%evp 15,68,0,11,-8,-2,-9,20,-36,-14,-60,-42,-40,-32,-92,-40,-65,-40,-73,-55,-84,-56,-92,-63,-77,-64,-72,-69,-163,-162,-163,-160,-156,-157,-158,-167,-172,-172,-162,-166,-218,-210,-300,-248,-453,-292,-789,-746,-705,-571,-564,-571,-1057,-938,-1393,-1324]} 1. c4 e5 2. g3 Nc6 3. Bg2 g6 4. e3 Bg7 5. Nc3 d6 6. d3 Be6 7. Nge2 Qd7 8. Nd5 Nd8 9. h3 {A25: English Opening vs King's Indian with ...Nc6 but without early d3} (9. f4 h5 10. e4 c6 11. Ne3 Ne7 12. d4 exd4 13. Nxd4 f5 14. O-O fxe4 15. Bxe4 Bh3 16. Re1 Nf7 {½-½ (58) Goganov,A (2632)-Movsesian,S (2679) Moscow 2017}) 9... c6 10. Ndc3 Nf6 11. Bd2 $146 ({White should try} 11. b3 $11) ({Predecessor:} 11. b3 O-O 12. Ba3 c5 13. Qd2 {1-0 (69) Velikov,P (2416)-Mladenov,E (2081) Golden Sands 2012}) 11... O-O $15 12. Kf1 d5 13. cxd5 Nxd5 14. Ne4 (14. d4 $15) 14... Qe7 (14... f5 $17 15. Nc5 Qf7) 15. Qc2 b6 16. a3 Rc8 17. Kg1 Nb7 {[%cal Bd8b7,Bb7c5,Bc5e6,Be6c7,Bc7d5][%mdl 32]} 18. Kh2 Rfd8 19. Rad1 f5 20. N4c3 Nc5 21. b4 ({Better is} 21. Nxd5 $15 cxd5 22. Qb1) 21... Nxc3 $19 22. Bxc3 Bb3 $36 {[%mdl 2112] [#] Skewer. Black is really pushing.} 23. Qb1 {Hoping for Rd2.} Bxd1 24. Rxd1 Ne6 25. h4 Rd6 26. Qa1 Nc7 27. Bf1 (27. Qa2+ $142 Qf7 28. Qb2) 27... Rcd8 28. Nc1 (28. Ng1 $142) 28... Nd5 29. Bb2 $2 {[#]} (29. Re1) 29... f4 30. Re1 $2 (30. exf4 exf4 31. Bxg7 fxg3+ 32. Kxg3 Qxg7 33. Qxg7+ Kxg7 34. Re1) 30... fxe3 {Black is clearly winning.} 31. fxe3 Rf6 32. Bg2 Rf2 {Strongly threatening ...Qf7.} 33. Kg1 Rdf8 {White must now prevent ...Qf7.} 34. b5 Qf7 {Accuracy: White = 15%, Black = 74%.} 0-1

[Event "World Senior chT-50 2019"]
[Site "Rhodes"]
[Date "2019.04.23"]
[Round "8.3"]
[White "Novikov, Igor"]
[Black "Druckenthaner, Andreas"]
[Result "1-0"]
[WhiteElo "2563"]
[BlackElo "2304"]
[Annotator "RC"]
[PlyCount "59"]
[EventDate "2019.04.16"]
[EventType "team-tourn"]
[EventCountry "GRE"]
[SourceTitle "playchess.com"]
[Source "ChessBase"]
[SourceQuality "1"]
[WhiteTeam "United States"]
[BlackTeam "Austria"]
[WhiteTeamCountry "USA"]
[BlackTeamCountry "AUT"]
[TimeControl "40/5400+30:1800+30"]

1. d4 {[%emt 0:00:00]} Nc6 {[%emt 0:00:00]} 2. Nf3 {[%emt 0:00:29]} d6 {[%emt 0:00:00]} 3. e4 {[%emt 0:01:01]} Nf6 {[%emt 0:00:19]} 4. Nc3 {[%emt 0:00:30]} g6 {[%emt 0:00:16]} 5. Be2 {[%emt 0:00:48]} Bg7 {[%emt 0:00:11]} 6. O-O {[%emt 0:00:45]} O-O {[%emt 0:00:11]} 7. d5 {[%emt 0:06:40]} Nb8 {[%emt 0:01:37]} 8. h3 {[%emt 0:03:45]} c6 {[%emt 0:05:39]} 9. Bg5 {[%emt 0:04:33]} h6 {[%emt 0:03:21]} 10. Be3 {[%emt 0:01:09]} Nbd7 {[%emt 0:03:34]} 11. Nd4 {[%emt 0:13:08]} Qc7 {[%emt 0:10:47]} 12. Qd2 {[%emt 0:03:46]} Kh7 {[%emt 0:00:13]} 13. a4 {[%emt 0:01:43]} a6 {[%emt 0:13:23]} 14. a5 {[%emt 0:02:15]} Nc5 {[%emt 0:08:07]} 15. Bf3 {[%emt 0:00:40]} cxd5 {[%emt 0:01:55]} 16. exd5 {[%emt 0:01:03]} Ncd7 {[%emt 0:01:01]} 17. Na4 {[%emt 0:04:10]} Ne5 {[%emt 0:03:16]} 18. Nb6 {[%emt 0:00:35]} Nxf3+ {[%emt 0:00:16]} 19. Nxf3 {[%emt 0:00:04]} Rb8 {[%emt 0:00:14]} 20. Ra4 {[%emt 0:06:13]} h5 {[%emt 0:11:30]} 21. Re1 {[%emt 0:02:54]} Bf5 {[%emt 0:04:49]} 22. Rc4 {[%emt 0:04:48]} Qd8 {[%emt 0:00:09]} 23. Bg5 {[%emt 0:08:40]} Re8 {[%emt 0:01:25]} 24. Qf4 {[%emt 0:05:39]} Nd7 {[%emt 0:05:35]} 25. Nxd7 {[%emt 0:03:44]} Qxd7 {[%emt 0:05:50]} 26. g4 {[%emt 0:04:41]} Be5 {[%emt 0:02:13]} 27. Nxe5 {[%emt 0:03:42]} dxe5 {[%emt 0:00:08]} 28. Rxe5 {[%emt 0:00:41]} Qd6 {[%emt 0:11:22]} 29. gxf5 {[%emt 0:00:57]} f6 {[%emt 0:00:05]} 30. Rxe7+ {[%emt 0:00:38]} 1-0

[Event "World Senior chT-50 2019"]
[Site "Rhodes"]
[Date "2019.04.23"]
[Round "8.4"]
[White "Kranzl, Peter"]
[Black "Yermolinsky, Alex"]
[Result "1/2-1/2"]
[WhiteElo "2145"]
[BlackElo "2508"]
[Annotator "TA"]
[PlyCount "32"]
[EventDate "2019.04.16"]
[EventType "team-tourn"]
[EventCountry "GRE"]
[SourceTitle "playchess.com"]
[Source "ChessBase"]
[SourceQuality "1"]
[WhiteTeam "Austria"]
[BlackTeam "United States"]
[WhiteTeamCountry "AUT"]
[BlackTeamCountry "USA"]

{[%evp 10,32,33,20,43,29,36,29,29,33,46,-23,-20,-22,0,0,0,-15,0,0,0,0,0,0,23]} 1. e4 c5 2. c3 d5 3. exd5 Qxd5 4. d4 Nc6 5. Nf3 Bf5 6. Be3 e6 {B22: Sicilian: 2 c3} 7. Na3 cxd4 8. Nb5 $1 {[%cal Rb5c7] [#] And now Nc7+ would win.} O-O-O $1 {White has an edge.} 9. Nbxd4 Bc5 10. Nxf5 $146 (10. Qa4 $14 Nxd4 11. cxd4) ({Predecessor:} 10. Qa4 Nxd4 11. Nxd4 Ne7 12. O-O-O Bb6 13. Be2 Qe4 14. Qc4+ {½-½ (27) Lugovskoy,M (2432)-Goganov,A (2601) Samara 2015}) 10... Qxf5 $11 11. Qe2 {The position is equal.} Nf6 12. Bxc5 Qxc5 13. Qb5 Qe7 14. Bc4 a6 15. Qa4 Qc5 16. O-O Qa5 1/2-1/2

[Event "World Senior chT-50 2019"]
[Site "Rhodes"]
[Date "2019.04.23"]
[Round "8.5"]
[White "Boensch, Uwe"]
[Black "Godena, Michele"]
[Result "1/2-1/2"]
[WhiteElo "2525"]
[BlackElo "2459"]
[Annotator "TA"]
[PlyCount "33"]
[EventDate "2019.04.16"]
[EventType "team-tourn"]
[EventCountry "GRE"]
[SourceTitle "playchess.com"]
[Source "ChessBase"]
[SourceQuality "1"]
[WhiteTeam "Germany"]
[BlackTeam "Italy"]
[WhiteTeamCountry "GER"]
[BlackTeamCountry "ITA"]

{[%evp 19,33,0,26,-4,-1,-10,-8,-1,0,0,0,0,0,0,0,-5]} 1. d4 d5 2. c4 dxc4 3. e3 Nf6 4. Bxc4 a6 5. a4 Nc6 6. Nf3 Bg4 7. h3 Bh5 8. Nc3 e6 9. O-O Bd6 10. Be2 O-O 11. Nh4 {D24: Queen's Gambit Accepted: 3 Nf3 Nf6 4 Nc3} (11. g4 $5 {[%cal Rg4h5]} Bg6 12. Nh4 $11) 11... Bxe2 {The position is equal.} 12. Qxe2 e5 $146 ({Predecessor:} 12... Qe7 13. Rd1 Nd5 14. Nf3 f5 15. e4 fxe4 16. Qxe4 Nf4 17. Ne2 Nxe2+ 18. Qxe2 Rf5 {½-½ (30) Laxman,R (2374)-Prohaszka,P (2604) Abu Dhabi 2016}) 13. Nf5 exd4 14. exd4 Ne7 15. Nxe7+ Bxe7 16. Rd1 c6 17. Bg5 1/2-1/2

[Event "World Senior chT-50 2019"]
[Site "Rhodes"]
[Date "2019.04.23"]
[Round "8.6"]
[White "Garcia Palermo, Carlos"]
[Black "Tischbierek, Raj"]
[Result "1-0"]
[WhiteElo "2407"]
[BlackElo "2435"]
[Annotator "TA"]
[PlyCount "81"]
[EventDate "2019.04.16"]
[EventType "team-tourn"]
[EventCountry "GRE"]
[SourceTitle "playchess.com"]
[Source "ChessBase"]
[SourceQuality "1"]
[WhiteTeam "Italy"]
[BlackTeam "Germany"]
[WhiteTeamCountry "ITA"]
[BlackTeamCountry "GER"]

{[%evp 18,81,23,14,25,-2,19,0,18,12,16,6,37,39,29,0,30,23,30,17,24,2,2,0,0,0,28,0,13,0,31,20,22,27,32,10,39,56,72,75,82,82,93,82,90,90,145,96,133,124,131,123,120,131,141,142,146,145,141,127,240,240,383,382,370,366]} 1. d4 d5 2. c4 c6 3. Nf3 Nf6 4. e3 Bf5 5. Bd3 Bxd3 6. Qxd3 e6 7. O-O Nbd7 8. Nc3 Bb4 9. Bd2 a5 10. a3 Bxc3 {D12: Slav Defence: 3 Nf3 Nf6 4 e3 Bf5} 11. bxc3 Qc7 $146 ({Predecessor:} 11... O-O 12. a4 Nb6 13. cxd5 exd5 14. Rfb1 Qc7 15. Ne5 Ne4 16. Qc2 f6 17. Nd3 Nc4 18. Bc1 {0-1 (37) Kamsky,G (2673)-Andreikin,D (2723) Sochi 2015}) 12. Rfc1 Rc8 {The position is equal.} 13. Be1 O-O 14. Nd2 c5 15. f3 Qc6 16. Qb1 e5 17. dxe5 Nxe5 18. cxd5 Nxd5 19. Qe4 f6 {White should prevent ...c4.} 20. c4 Ne7 21. Qxc6 N7xc6 22. Rcb1 Rf7 23. Ne4 $36 {[%mdl 2048] [#] Black must now prevent Nd6. White is more active.} Rb8 24. Bg3 Rd8 25. Nxc5 {Threatens to win with Bxe5.} Nxc4 26. Nxb7 Rd2 27. Rc1 Nxe3 {[#]} 28. Nd6 $1 {[%cal Rd6f7]} Nc2 29. Nxf7 {Strongly threatening Bf4.} (29. Ra2 $6 N6d4 $11) 29... Nxa1 30. Nh6+ $1 ({Much worse is} 30. Rxc6 $6 Kxf7 31. Be1 Ra2 $11) 30... gxh6 31. Rxc6 $16 {[%mdl 4096] Endgame KRB-KRN} Kf7 ({Black should try} 31... Rd1+ 32. Kf2 Rd2+ 33. Kf1 Kg7) 32. Bh4 Ra2 33. Rxf6+ Kg7 34. Ra6 Rxa3 35. Bf6+ Kg8 36. Ra7 Nc2 37. Rg7+ Kf8 38. Rxh7 Rb3 (38... Ra2 $16) 39. Ra7 $18 ({Don't take} 39. Rxh6 $6 Kf7 $16) 39... Rb5 (39... a4 $142 40. Rxa4 Rd3) 40. Bg7+ Kg8 41. Bxh6 {Accuracy: White = 79%, Black = 37%.} 1-0

[Event "World Senior chT-50 2019"]
[Site "Rhodes"]
[Date "2019.04.23"]
[Round "8.7"]
[White "Brendel, Oliver"]
[Black "Mariotti, Sergio"]
[Result "1/2-1/2"]
[WhiteElo "2339"]
[BlackElo "2280"]
[Annotator "TA"]
[PlyCount "93"]
[EventDate "2019.04.16"]
[EventType "team-tourn"]
[EventCountry "GRE"]
[SourceTitle "playchess.com"]
[Source "ChessBase"]
[SourceQuality "1"]
[WhiteTeam "Germany"]
[BlackTeam "Italy"]
[WhiteTeamCountry "GER"]
[BlackTeamCountry "ITA"]

{[%evp 15,93,22,24,18,41,35,47,50,79,53,62,7,8,0,28,20,18,20,16,21,21,18,16,16,16,17,32,21,19,21,15,13,18,0,4,0,11,4,54,36,38,6,70,68,74,8,8,8,7,0,0,0,5,0,29,0,6,0,8,36,36,0,0,0,0,0,0,0,0,0,0,0,0,0,0,0,0,0,0,0]} 1. c4 g6 2. g3 Bg7 3. Bg2 d6 4. Nc3 e5 5. e4 Ne7 6. Nge2 Nbc6 7. d3 h6 8. O-O O-O 9. Nd5 {A26: English Opening vs King's Indian with ...Nc6 and d3} Kh7 10. Be3 f5 11. Qd2 {White is slightly better.} g5 $146 {[#] Strongly threatening ...f4.} ({Predecessor:} 11... Bd7 12. Rac1 Rb8 13. b4 Nd4 14. Bxd4 exd4 15. Nxe7 Qxe7 16. Rce1 Qf7 17. exf5 Bxf5 {½-½ (37) Harika,D (2516)-Motylev,A (2677) Wijk aan Zee 2012}) 12. Nxe7 Qxe7 13. exf5 (13. f4 $14) 13... Bxf5 $11 14. d4 Nxd4 15. Nxd4 exd4 16. Bxd4 Bxd4 17. Qxd4 Qg7 18. Qd5 b6 19. Rae1 Rab8 20. b4 Bg6 21. Be4 Rbe8 22. Bxg6+ Qxg6 23. Rxe8 Rxe8 {[%mdl 4096] Endgame KQR-KQR} 24. f4 gxf4 25. Rxf4 Re1+ 26. Kg2 {aiming for Rf7+.} Re2+ 27. Kf3 Re7 28. h4 Rg7 ({Black should try} 28... c6 $11 29. Qf5 Qxf5 30. Rxf5 Kg7) 29. g4 $14 Re7 30. h5 (30. Rf8 $16) 30... Qg7 $11 31. Qf5+ Kg8 32. Qc8+ Kh7 33. Qf5+ Kg8 34. Qf6 a6 35. a4 Re1 $132 {[%mdl 2048] Black is fighting back} 36. Qxg7+ Kxg7 {KR-KR} 37. Re4 Rf1+ 38. Ke2 (38. Kg2 $5 {[%cal Rg2f1]} Ra1 39. Re7+ Kf6 40. Rxc7 $11) 38... Ra1 {The position is equal.} 39. Re7+ {[%mdl 64] [#] Double Attack} Kf6 40. Rxc7 Rxa4 41. Rh7 Kg5 42. Kf3 Rxb4 43. Rg7+ Kh4 44. Rg6 Rxc4 45. Rxh6 {Threatens to win with Rg6.} Rxg4 {Hoping for ...Rb4.} 46. Rxd6 Kxh5 {...Rb4 is the strong threat.} 47. Rxb6 {Accuracy: White = 60%, Black = 47%.} 1/2-1/2

[Event "World Senior chT-50 2019"]
[Site "Rhodes"]
[Date "2019.04.23"]
[Round "8.8"]
[White "Bruno, Fabio"]
[Black "Maier, Christian"]
[Result "1-0"]
[WhiteElo "2433"]
[BlackElo "2325"]
[Annotator "TA"]
[PlyCount "53"]
[EventDate "2019.04.16"]
[EventType "team-tourn"]
[EventCountry "GRE"]
[SourceTitle "playchess.com"]
[Source "ChessBase"]
[SourceQuality "1"]
[WhiteTeam "Italy"]
[BlackTeam "Germany"]
[WhiteTeamCountry "ITA"]
[BlackTeamCountry "GER"]

{[%evp 11,53,9,12,-2,5,6,22,0,6,8,22,-11,-5,0,11,18,39,10,28,32,25,0,0,7,78,79,85,91,206,179,187,201,262,272,526,485,478,460,483,474,462,468,716,713]} 1. d4 Nf6 2. Nf3 e6 3. e3 d5 4. Bd3 c5 5. c3 Nc6 6. Nbd2 Bd6 7. dxc5 {D05: Colle System with ...e6} Bxc5 8. b4 Bd6 9. Bb2 {The position is equal.} (9. O-O O-O 10. a3 a5 11. b5 Ne5 12. Nxe5 Bxe5 13. Bb2 Qe7 14. Qc2 h6 {0-1 (52) Grachev,B (2693)-Khairullin,I (2638) Jurmala 2012}) 9... O-O 10. a3 e5 {And now ...e4 would win.} 11. e4 dxe4 12. Nxe4 Nxe4 13. Bxe4 Qe7 $146 ({Predecessor:} 13... f5 14. Bd5+ Kh8 {½-½ (55) Poulsen,M (2252)-Anka,E (2432) Budapest 2003}) 14. O-O f5 15. Bd5+ Kh8 16. Re1 e4 17. c4 Bd7 (17... Be6 $11 {remains equal.}) 18. Qd2 $16 Rad8 19. Rad1 Be8 {[#]} (19... Be6 $16) 20. Ng5 $1 $36 {[%mdl 2048] White is really pushing.} Bh5 21. Ne6 {[%mdl 64] Double Attack} Ne5 {[#]} 22. f4 $1 {[%cal Rf4e5]} ({Don't play} 22. Nxf8 $6 Qxf8 23. c5 Bc7 $16) (22. Nxd8 Rxd8 23. Rc1 Nd3 $11) 22... exf3 $2 (22... Bxd1 23. Qxd1 (23. fxe5 Qxe6 24. exd6 Qxd6 $16) 23... Nd3 24. Bxg7+ Qxg7 25. Nxg7 Kxg7) 23. Bxe5 {White is clearly winning.} Bxe5 24. Rxe5 f2+ 25. Kxf2 {Hoping for Rde1.} Bxd1 26. Qxd1 Rde8 {[#]} (26... Qh4+ $142 27. Kg1 Rde8) 27. Qh5 $1 {Accuracy: White = 68%, Black = 41%.} 1-0

[Event "World Senior chT-50 2019"]
[Site "Rhodes"]
[Date "2019.04.23"]
[Round "8.9"]
[White "Olafsson, Helgi"]
[Black "Strutinskaia, Galina"]
[Result "1-0"]
[WhiteElo "2506"]
[BlackElo "2208"]
[Annotator "RC"]
[PlyCount "57"]
[EventDate "2019.04.16"]
[EventType "team-tourn"]
[EventCountry "GRE"]
[SourceTitle "playchess.com"]
[Source "ChessBase"]
[SourceQuality "1"]
[WhiteTeam "Iceland"]
[BlackTeam "Russia"]
[WhiteTeamCountry "ISL"]
[BlackTeamCountry "RUS"]
[TimeControl "40/5400+30:1800+30"]

1. c4 {[%emt 0:00:00]} e5 {[%emt 0:01:01]} 2. Nc3 {[%emt 0:00:00]} Bb4 {[%emt 0:00:05]} 3. Nd5 {[%emt 0:00:00]} Bc5 {[%emt 0:00:06]} 4. e3 {[%emt 0:00:06]} c6 {[%emt 0:00:47]} 5. Nc3 {[%emt 0:00:08]} Bb4 {[%emt 0:04:24]} 6. d4 {[%emt 0:05:25]} d6 {[%emt 0:02:54]} 7. Bd3 {[%emt 0:04:13]} f5 {[%emt 0:01:17]} 8. Nge2 {[%emt 0:04:56]} Nf6 {[%emt 0:00:34]} 9. a3 {[%emt 0:03:11]} Ba5 {[%emt 0:01:20]} 10. b4 {[%emt 0:01:15]} Bc7 {[%emt 0:00:06]} 11. d5 {[%emt 0:00:10]} a5 {[%emt 0:02:02]} 12. Rb1 {[%emt 0:02:09]} O-O {[%emt 0:03:14]} 13. Bc2 {[%emt 0:07:49]} cxd5 {[%emt 0:05:51]} 14. cxd5 {[%emt 0:05:38]} axb4 {[%emt 0:03:34]} 15. axb4 {[%emt 0:01:00]} Qe8 {[%emt 0:02:43]} 16. O-O {[%emt 0:00:58]} Qh5 {[%emt 0:01:40]} 17. f3 {[%emt 0:02:20]} Ne8 {[%emt 0:07:09]} 18. f4 {[%emt 0:05:48]} Nd7 {[%emt 0:01:55]} 19. Qe1 {[%emt 0:04:44]} g6 {[%emt 0:08:53]} 20. e4 {[%emt 0:02:17]} fxe4 {[%emt 0:05:29]} 21. Nxe4 {[%emt 0:01:02]} Ndf6 {[%emt 0:05:05]} 22. fxe5 {[%emt 0:08:53]} Bb6+ {[%emt 0:10:35]} 23. Kh1 {[%emt 0:00:12]} Nxe4 {[%emt 0:01:27]} 24. Rxf8+ {[%emt 0:00:22]} Kxf8 {[%emt 0:00:02]} 25. Bxe4 {[%emt 0:00:11]} Qxe5 {[%emt 0:01:09]} 26. Qh4 {[%emt 0:03:51]} Bd8 {[%emt 0:03:44]} 27. Qxd8 {[%emt 0:09:26]} Qxe4 {[%emt 0:00:06]} 28. Bh6+ {[%emt 0:00:09]} Kg8 {[%emt 0:00:08]} 29. Nc3 {[%emt 0:01:20]} 1-0

[Event "World Senior chT-50 2019"]
[Site "Rhodes"]
[Date "2019.04.23"]
[Round "8.10"]
[White "Grabuzova, Tatiana"]
[Black "Hjartarson, Johann"]
[Result "0-1"]
[WhiteElo "2323"]
[BlackElo "2520"]
[Annotator "TA"]
[PlyCount "26"]
[EventDate "2019.04.16"]
[EventType "team-tourn"]
[EventCountry "GRE"]
[SourceTitle "playchess.com"]
[Source "ChessBase"]
[SourceQuality "1"]
[WhiteTeam "Russia"]
[BlackTeam "Iceland"]
[WhiteTeamCountry "RUS"]
[BlackTeamCountry "ISL"]

{[%evp 15,94,0,-6,-34,0,-52,-64,-47,-47,-39,-34,-27,-35,-35,-53,-35,-35,-49,0,-7,-12,-18,0,0,0,0,0,-15,0,0,-11,-11,-7,-35,-25,-43,0,0,0,0,0,-25,2,0,0,0,37,40,79,17,80,0,0,-29,-27,-17,0,0,0,0,0,0,0,1,4,3,8,3,86,84,99,103,119,127,164,-176,-176,-168,-163,-204,-187]} 1. d4 Nf6 2. c4 e6 3. Nc3 Bb4 4. g3 c5 5. Nf3 cxd4 6. Nxd4 O-O 7. Bg2 d5 8. O-O dxc4 9. Ndb5 {Threatens to win with Qxd8. E20: Nimzo-Indian: 4 g3 and 4 f3} (9. Qa4 Na6 10. Rd1 Qe8 11. Qc2 Nc7 12. Ne4 Nxe4 13. Bxe4 e5 14. Bxh7+ Kh8 15. Nf3 b5 16. Qe4 Qe6 17. Ng5 Qg4 {½-½ (29) So,W (2780)-Aronian,L (2767) Saint Louis 2018}) 9... Nc6 10. Na3 (10. Bg5 $11) 10... Bxa3 $146 ({Predecessor:} 10... Qxd1 11. Rxd1 Na5 12. Bd2 Bd7 13. Ne4 Bxd2 14. Rxd2 Bc6 15. Nxf6+ gxf6 16. Bxc6 bxc6 {1-0 (55) Vojinovic,G (2425)-Kajganovic,M (2305) Niska Banja 1996}) 11. bxa3 {Black is slightly better.} Qa5 12. Bb2 e5 13. Qa4 Qxa4 {Played: Qa5-b6} 0-1